The Walking Dead - Statistics

General Stats
  • This quiz has been taken 651 times
  • The average score is 5 of 15
Answer Stats
Hint Answer % Correct
What is the name of Ricks son? Carl
100%
What is carols daughters name? Sophia
94%
Where does the group go at the end of season 1? CDC
78%
What state is walking dead locarted in? Georgia
75%
Who does Carl kill in season 2? Shane
50%
Who tells Beth its okay to take your life? Andrea
48%
What attracts the horde of walkers in season 2? Gunshot
29%
Who desroys the tank? Daryl
23%
Who has Judith(lil' ass kicker) Tyreese
22%
Who was left on the roof in the city? Merele
7%
Who is the man who shot Carl? Ottis
7%
Where does the group go? The prison
6%
How much pudding does carl eat on the roof? 112 oz
5%
Who does Rick deal with in a nearby town? The govenor
3%
Who theartens to kill the govenor? Mishone
1%
No matching quizzes found
Score Distribution
Percent of People with Each Score
Percentile by Number Answered
Your Score History
You have not taken this quiz